000 00767nam 22002533 4500
001 200269
010 _a972-41-3097-5
021 _aPT
_b182994/02
090 _a200269
100 _a20260129d u||y0pory50 ba
200 _aOs Inventores Tantan completamente chanfrados
_fDouyé, Goupil, Madaule
_gtradução Dóris Graça Dias
205 _a
210 _aPorto
_cAsa Editores II
_d2002
215 _a48 p.
_cil. ; encadernado
_d30 cm
225 _aOs inventores Tantan
_h1
606 _91586
_aDesenho Artístico
610 _aBanda Desenhada
675 _a74
_vPT
_zpor
700 _916095
_aDouvé
_bSylvia
_f1973-
701 _916096
_aGoupil
_bJacky
_f1955-
701 _916097
_aMadaule
_bBruno
_f1971-2020
801 _aPT
_bBMMN
_gRPC
830 _cIsabel
990 _cLIVROS